8322642191

Bibliographic Details
Main Author: Zainori Abd. Raman
Format: Book
Published: Selangor : Pekan Ilmu Publications , 2006
Series:Siri pengurusan pusat sumber sekolah
Subjects:

MARC

LEADER 00000cam a2200000 7i4500
001 0000007493
005 20070903.0
008 070903
020 |a 9833385281 (set) 
020 |a 9833385664 
090 0 0 |a 028.9   |b ZAI 
100 0 |a Zainori Abd. Raman 
245 1 0 |a 8322642191 
245 1 0 |a Aktiviti galakan membaca   |c Zainori Abd. Raman 
260 |a Selangor :   |b Pekan Ilmu Publications ,   |c 2006 
440 |a Siri pengurusan pusat sumber sekolah 
650 0 |a Reading interests 
650 0 |a Reading promotion 
999 |a 0000947259   |b Book   |c Adult Collection   |e Cawangan Mersing 
999 |a 0000947260   |b Book   |c Adult Collection   |e Cawangan Mersing 
999 |a 0000947261   |b Book   |c Adult Collection   |e Cawangan Mersing 
999 |a 0000983919   |b Book   |c Adult Collection   |e Cawangan Kota Tinggi 
999 |a 0000983920   |b Book   |c Adult Collection   |e Perbadanan Perpustakaan Awam Johor 
999 |a 0000983921   |b Book   |c Adult Collection   |e Perbadanan Perpustakaan Awam Johor 
999 |a 0000983922   |b Book   |c Adult Collection   |e Cawangan AEON Kulaijaya 
999 |a 0000983923   |b Book   |c Adult Collection   |e Perbadanan Perpustakaan Awam Johor